Statistiques concernant Les duos comiques célèbres

Cliquez ici pour prendre le quiz!

Statistiques générales

  • Ce quiz a été pris 119 fois
  • Le résultat moyen est 9 sur 15

Statistiques - réponses

PremierSecond% Correct
LaurelHardy
94%
OmarFred
88%
ChevallierLaspalès
84%
ShirleyDino
82%
KadOlivier
81%
LaroquePalmade
81%
EricRamzy
79%
ElieDieudonné
72%
GrossoModo
51%
Roger PierreJean Marc Thibault
41%
Pierre DacFrancis Blanche
39%
Guy BedosSophie Daumier
32%
Lucienne (Vamps)Gisèle
25%
LejeuneGreen
6%
DupontPondu
2%

Distribution des résultats

Percentile par nombre de réponses

% des personnes avec chaque résultat

Votre développement - résultats

Vous n’avez pas pris ce quiz